[Event "zonal 3.4 (w)"]
[Site "Tashkent UZB"]
[Date "2009.06.22"]
[Round "7"]
[White "Antonova, Nadezhda"]
[Black "Muminova, Nafisa"]
[Result "1/2-1/2"]
[WhiteElo "1831"]
[BlackElo "2212"]
[EventDate "2009.06.17"]
[PlyCount "154"]

1.d4 e6 2.c4 Nf6 3.Nc3 d5 4.Bg5 Nbd7 5.cxd5 exd5 6.e3 Bb4 7.Qb3 Qe7 8.a3 
Ba5 9.Nf3 O-O 10.Qc2 c6 11.b4 Bc7 12.Nxd5 cxd5 13.Qxc7 Qe4 14.Be2 Ne8 15.
Qc3 Nb6 16.O-O f6 17.Bf4 Bf5 18.Nd2 Qe6 19.Rfc1 g5 20.Bg3 Rc8 21.Qb3 Ng7 
22.a4 h5 23.a5 Na8 24.Bf3 Rcd8 25.h4 Bg6 26.hxg5 fxg5 27.Rc5 Bf7 28.Rac1 
h4 29.Be5 g4 30.Be2 Bh5 31.e4 g3 32.f3 Bf7 33.Qe3 Qg6 34.a6 bxa6 35.Rc6 
Ne6 36.exd5 Rxd5 37.Bc4 Nb6 38.Bxd5 Nxd5 39.Qb3 Qh6 40.Ne4 Rd8 41.f4 Ndxf4
42.Nf6+ Kf8 43.Qf3 h3 44.Ng4 Qg5 45.Bf6 Qb5 46.Rxe6 Nxe6 47.Bxd8 Nxd4 48.
Qf6 Ne2+ 49.Kh1 hxg2+ 50.Kxg2 Qb7+ 51.Rc6 Qxc6+ 52.Qxc6 Bd5+ 53.Qxd5 Nf4+ 
54.Kxg3 Nxd5 55.Ba5 Ke7 56.Kf3 Kd6 57.Ke4 Nc3+ 58.Kd3 Nb5 59.Nf2 Kc6 60.
Ne4 Na3 61.Kc3 Nb5+ 62.Kc4 Na3+ 63.Kb3 Nb5 64.Nc5 Nd6 65.Nxa6 Kb5 66.Nc7+ 
Kc6 67.Ka4 Ne4 68.b5+ Kb7 69.Ne6 Nd6 70.Nd8+ Kc8 71.Ne6 Kb7 72.Bb4 Nc4 73.
Bc5 Ne5 74.Nd8+ Kc8 75.Nc6 Nxc6 76.bxc6 Kc7 77.Bxa7 Kxc6 1/2-1/2

[Event "zonal 3.4 (w)"]
[Site "Tashkent UZB"]
[Date "2009.06.22"]
[Round "7"]
[White "Dauletova, Gulmira"]
[Black "Davletbaeva, Madina"]
[Result "1/2-1/2"]
[WhiteElo "2232"]
[BlackElo "2133"]
[EventDate "2009.06.17"]
[PlyCount "73"]

1.e4 e5 2.Nf3 d6 3.Bc4 Be7 4.c3 Nf6 5.d3 O-O 6.O-O c6 7.Bb3 Nbd7 8.Re1 h6 
9.Nbd2 Qc7 10.d4 Re8 11.a4 Nf8 12.Nh4 Be6 13.Nf5 Bxb3 14.Qxb3 Ne6 15.dxe5 
dxe5 16.Qc4 Bf8 17.Nb3 Kh7 18.a5 g6 19.Ne3 b5 20.axb6 axb6 21.Nc2 Rxa1 22.
Nbxa1 Ra8 23.Nb3 Qd7 24.Qe2 Rd8 25.Qf3 Bg7 26.Be3 c5 27.Na3 Qa4 28.Nd2 b5 
29.Qe2 c4 30.f3 Qa6 31.Ra1 Bf8 32.Nc2 Qc6 33.Ra7 Rd7 34.Rxd7 Nxd7 35.Nf1 
Nb6 36.Qd2 Bc5 37.Nb4 1/2-1/2

[Event "zonal 3.4 (w)"]
[Site "Tashkent UZB"]
[Date "2009.06.22"]
[Round "7"]
[White "Turebaeva, Alfiya"]
[Black "Nakhbaeva, Guliskhan"]
[Result "0-1"]
[WhiteElo "2202"]
[BlackElo "2172"]
[EventDate "2009.06.17"]
[PlyCount "82"]

1.Nf3 Nf6 2.c4 c5 3.g3 d5 4.cxd5 Nxd5 5.Bg2 Nc6 6.O-O e5 7.Nc3 Nc7 8.d3 
Be7 9.Be3 O-O 10.Na4 b6 11.Rc1 Be6 12.a3 Rc8 13.b4 Nd4 14.Bxd4 exd4 15.
bxc5 b5 16.Nb2 Na6 17.a4 b4 18.Ne5 Nxc5 19.Nc6 Qd7 20.Nc4 f6 21.Nxb4 Nxa4 
22.Nd5 Bc5 23.Nf4 Bf5 24.Qb3 Kh8 25.Qb7 Rc7 26.Qd5 Qc8 27.h3 Nc3 28.Qf3 g5
29.Nh5 g4 30.Qa8 Nxe2+ 31.Kh2 Qxa8 32.Bxa8 Nxc1 33.Rxc1 Rxa8 34.Nxf6 Bxd3 
35.Ne5 Be2 36.Nd5 Rcc8 37.Nf4 d3 38.Ne6 Bf8 39.Rb1 Re8 40.Nf7+ Kg8 41.Nc7 
Kxf7 0-1

[Event "zonal 3.4 (w)"]
[Site "Tashkent UZB"]
[Date "2009.06.22"]
[Round "8"]
[White "Davletbaeva, Madina"]
[Black "Turebaeva, Alfiya"]
[Result "1-0"]
[WhiteElo "2133"]
[BlackElo "2202"]
[EventDate "2009.06.17"]
[PlyCount "133"]

1.e4 e5 2.Nf3 Nc6 3.Bb5 Nf6 4.O-O Nxe4 5.d4 Nd6 6.Bxc6 dxc6 7.dxe5 Nf5 8.
Qxd8+ Kxd8 9.Nc3 a5 10.h3 a4 11.a3 Be6 12.g4 Ne7 13.Ng5 Bc4 14.Rd1+ Ke8 
15.f4 Nd5 16.Nxd5 Bxd5 17.Kf2 h5 18.Kg3 hxg4 19.hxg4 Ra5 20.Be3 Be7 21.Nf3
Rb5 22.Bd4 Bc5 23.Bxc5 Rxc5 24.Rd2 Bxf3 25.Kxf3 Rd5 26.Rad1 Rxd2 27.Rxd2 
Ke7 28.f5 Rh1 29.Kf4 Re1 30.c3 g6 31.fxg6 fxg6 32.Kg5 Re4 33.Rd4 Rxe5+ 34.
Kxg6 Re2 35.Rxa4 Rxb2 36.Rb4 Rg2 37.g5 b6 38.Re4+ Kf8 39.Re3 Rd2 40.Rf3+ 
Kg8 41.Rf6 c5 42.Rc6 Rd7 43.Kf6 Rf7+ 44.Ke6 Kg7 45.Ke5 Re7+ 46.Kd5 Re3 47.
Kc4 Re4+ 48.Kb5 Re3 49.Kc4 Re4+ 50.Kb5 Re3 51.Rxc7+ Kg6 52.Rc6+ Kxg5 53.
Kxb6 Kf5 54.Rxc5+ Ke6 55.a4 Kd6 56.Rc8 Kd7 57.Rc4 Re8 58.a5 Rb8+ 59.Ka7 
Rb3 60.a6 Ra3 61.Kb7 Rb3+ 62.Rb4 Rxc3 63.a7 Rc7+ 64.Ka6 Rc6+ 65.Rb6 Rc8 
66.Rb8 Rc6+ 67.Kb5 1-0

[Event "zonal 3.4 (w)"]
[Site "Tashkent UZB"]
[Date "2009.06.22"]
[Round "8"]
[White "Muminova, Nafisa"]
[Black "Khamrakulova, Yulduz"]
[Result "1-0"]
[WhiteElo "2212"]
[BlackElo "2191"]
[EventDate "2009.06.17"]
[PlyCount "123"]

1.e4 e5 2.Bc4 Nf6 3.d3 c6 4.Nf3 d5 5.Bb3 Bb4+ 6.c3 Bd6 7.Bg5 dxe4 8.dxe4 
h6 9.Bh4 Qe7 10.Nbd2 Nbd7 11.O-O O-O 12.Re1 Bc7 13.Nf1 Nc5 14.Bc2 Rd8 15.
Qe2 Ne6 16.Bg3 Qc5 17.Rad1 Rxd1 18.Rxd1 Nh5 19.Ne3 b5 20.Qd2 Nef4 21.Bb3 
Qe7 22.Nh4 g6 23.Nf3 Ng7 24.Bh4 g5 25.Bg3 Kh8 26.Ne1 Ne8 27.f3 Nd6 28.Bf2 
Be6 29.Nd3 Nxd3 30.Qxd3 Rd8 31.Qc2 Bxb3 32.axb3 Bb6 33.Ng4 Qe6 34.Bxb6 
axb6 35.Ne3 Nb7 36.Rxd8+ Nxd8 37.Qd1 Nb7 38.Nf5 Kh7 39.b4 Qe8 40.Kf2 Kg6 
41.h4 Qd8 42.h5+ Kh7 43.Qxd8 Nxd8 44.Nd6 Kg7 45.Ke3 Ne6 46.Nf5+ Kh7 47.Ne7
c5 48.Nd5 Kg7 49.Nxb6 cxb4 50.c4 bxc4 51.Nxc4 f6 52.Nd6 Nf4 53.Nf5+ Kh7 
54.g4 Ng2+ 55.Ke2 b3 56.Ne3 Nf4+ 57.Kd2 Ne6 58.Nf5 Nf4 59.Kc3 Ne2+ 60.Kxb3
Ng1 61.Kc4 Nxf3 62.b4 1-0

[Event "zonal 3.4 (w)"]
[Site "Tashkent UZB"]
[Date "2009.06.22"]
[Round "8"]
[White "Nakhbaeva, Guliskhan"]
[Black "Antonova, Nadezhda"]
[Result "1-0"]
[WhiteElo "2172"]
[BlackElo "1831"]
[EventDate "2009.06.17"]
[PlyCount "103"]

1.d4 d5 2.c4 e6 3.Nc3 c5 4.cxd5 exd5 5.Nf3 Nc6 6.g3 Nf6 7.Bg2 Be7 8.O-O 
O-O 9.dxc5 Bxc5 10.Bg5 d4 11.Na4 Be7 12.Rc1 h6 13.Bxf6 Bxf6 14.a3 Re8 15.
b4 Rb8 16.Qc2 Ne5 17.Rfd1 Nxf3+ 18.Bxf3 Qe7 19.Nc5 g6 20.Qa4 b6 21.Nb3 Rd8
22.b5 Be6 23.Nxd4 Bxd4 24.Rxd4 Rxd4 25.Qxd4 Qxa3 26.Qf4 Rd8 27.Qxh6 a6 28.
Rc6 Qa1+ 29.Kg2 Rd1 30.Rxe6 fxe6 31.Qxg6+ Kf8 32.bxa6 Rg1+ 33.Kh3 Qh8+ 34.
Kg4 Ra1 35.Qxe6 Qg8+ 36.Qxg8+ Kxg8 37.Bd5+ Kg7 38.e4 b5 39.f4 Rxa6 40.e5 
b4 41.Kf5 Ra5 42.Be4 b3 43.Kg5 b2 44.h4 Ra4 45.Bf5 Rc4 46.h5 Rc6 47.g4 Rc4
48.Bg6 Rc8 49.h6+ Kh8 50.Bf5 Rc4 51.e6 Rxf4 52.Kxf4 1-0

[Event "zonal 3.4 (w)"]
[Site "Tashkent UZB"]
[Date "2009.06.22"]
[Round "8"]
[White "Sabirova, Olga"]
[Black "Tokhiryanova, Khulkar"]
[Result "1-0"]
[WhiteElo "2192"]
[BlackElo "2137"]
[EventDate "2009.06.17"]
[PlyCount "77"]

1.e4 c5 2.d3 e6 3.g3 g6 4.Bg2 Bg7 5.f4 Nc6 6.Nf3 Nge7 7.O-O O-O 8.c3 d5 9.
e5 d4 10.c4 f5 11.exf6 Bxf6 12.Nbd2 b6 13.Ne4 Bg7 14.Qe2 h6 15.Bd2 a5 16.
a4 Ra7 17.Nh4 Kh7 18.Nf2 Rc7 19.Be4 Nf5 20.Qg4 Qf6 21.Qf3 Nxh4 22.gxh4 e5 
23.h5 exf4 24.Bxg6+ Kh8 25.Ne4 Qh4 26.Bxf4 Ne5 27.Qg3 Qxg3+ 28.Bxg3 Re7 
29.Rxf8+ Bxf8 30.Nd6 Nf3+ 31.Kf2 Bg4 32.h3 Bxh3 33.Kxf3 Re3+ 34.Kf2 Bd7 
35.Nf7+ Kg8 36.Re1 Be8 37.Nxh6+ Bxh6 38.Bxe8 Rxd3 39.Bg6 1-0

[Event "zonal 3.4 (w)"]
[Site "Tashkent UZB"]
[Date "2009.06.22"]
[Round "8"]
[White "Sergeeva, Maria"]
[Black "Dauletova, Gulmira"]
[Result "1/2-1/2"]
[WhiteElo "2377"]
[BlackElo "2232"]
[EventDate "2009.06.17"]
[PlyCount "144"]

1.e4 c5 2.Nf3 d6 3.d4 cxd4 4.Nxd4 Nf6 5.Nc3 g6 6.Be3 Bg7 7.f3 Nc6 8.Bc4 
O-O 9.Bb3 Bd7 10.h4 h5 11.Qd2 Rc8 12.O-O-O Ne5 13.Bg5 Rc5 14.Kb1 Re8 15.g4
hxg4 16.f4 Nc4 17.Qe2 b5 18.f5 gxf5 19.exf5 Re5 20.Qg2 Qc8 21.Bxc4 Qxc4 
22.Bxf6 exf6 23.Rhf1 b4 24.Qxg4 bxc3 25.Rg1 Kf8 26.Qxg7+ Ke7 27.b3 Qb4 28.
Rd3 Rc8 29.Qg3 a5 30.a3 Qxa3 31.Rxc3 Rxc3 32.Qxc3 Qc5 33.Kb2 Re4 34.Rd1 
Qxc3+ 35.Kxc3 Rxh4 36.Re1+ Kd8 37.Ra1 a4 38.bxa4 Kc7 39.a5 Kb7 40.Rb1+ Ka6
41.Rb6+ Kxa5 42.Rxd6 Bc8 43.Rxf6 Rh3+ 44.Kb2 Rh7 45.Ka3 Rh3+ 46.Nb3+ Kb5 
47.Rxf7 Kc6 48.Kb4 Rh4+ 49.c4 Kd6 50.Nc5 Rf4 51.f6 Bh3 52.Kb5 Bg4 53.Kb4 
Bh3 54.Rf8 Bf1 55.Rd8+ Kc6 56.Rc8+ Kb6 57.Ne4 Bd3 58.Re8 Bxe4 59.f7 Rxf7 
60.Rxe4 Rf6 61.Rh4 Kc6 62.Rh8 Rg6 63.Ra8 Kb7 64.Ra5 Kb6 65.c5+ Kb7 66.Kb5 
Rg8 67.c6+ Kb8 68.Kb6 Rg1 69.Kc5 Rc1+ 70.Kd6 Rd1+ 71.Rd5 Rxd5+ 72.Kxd5 Kc7
1/2-1/2

[Event "zonal 3.4 (w)"]
[Site "Tashkent UZB"]
[Date "2009.06.23"]
[Round "9"]
[White "Antonova, Nadezhda"]
[Black "Davletbaeva, Madina"]
[Result "0-1"]
[WhiteElo "1831"]
[BlackElo "2133"]
[EventDate "2009.06.17"]
[PlyCount "140"]

1.d4 Nf6 2.c4 e5 3.dxe5 Ng4 4.Bf4 Bb4+ 5.Nd2 Qe7 6.Nf3 Nc6 7.a3 Ngxe5 8.
Nxe5 Nxe5 9.e3 Bxd2+ 10.Qxd2 d6 11.Be2 Be6 12.c5 O-O 13.cxd6 cxd6 14.O-O 
Rfd8 15.Rac1 h6 16.h3 Rac8 17.Rxc8 Rxc8 18.Rd1 Rc6 19.Qd4 Bb3 20.Rd2 b6 
21.Qb4 Rc1+ 22.Kh2 Rc2 23.Rxc2 Bxc2 24.Qd2 Be4 25.a4 Bc6 26.a5 Qh4 27.Bg3 
Qe4 28.f3 Qd5 29.Qxd5 Bxd5 30.e4 Bb3 31.axb6 axb6 32.Bb5 Kf8 33.Bf2 Bc4 
34.Bxc4 Nxc4 35.Bd4 g6 36.Kg1 b5 37.Kf1 Ke7 38.Ke2 Na5 39.Kd3 Nc6 40.Be3 
h5 41.f4 f5 42.g3 Ke6 43.Bd2 Ne7 44.Be1 Ng8 45.Bc3 Ne7 46.e5 dxe5 47.Bxe5 
g5 48.Bd4 gxf4 49.gxf4 Kd5 50.Bf6 Nc6 51.Ke3 Kc4 52.Be5 b4 53.Bf6 b3 54.
Bc3 Ne7 55.Be5 Nc6 56.Bc3 Nd8 57.Be5 Ne6 58.Bf6 Nc7 59.Kf3 Kd3 60.Kg3 Nd5 
61.Be5 Ke4 62.Bd6 h4+ 63.Kxh4 Nxf4 64.Kg3 Nd3 65.h4 Nxb2 66.h5 Nc4 67.Ba3 
Nxa3 68.h6 b2 69.h7 b1=Q 70.h8=Q Qg1+ 0-1

[Event "zonal 3.4 (w)"]
[Site "Tashkent UZB"]
[Date "2009.06.23"]
[Round "9"]
[White "Dauletova, Gulmira"]
[Black "Sabirova, Olga"]
[Result "0-1"]
[WhiteElo "2232"]
[BlackElo "2192"]
[EventDate "2009.06.17"]
[PlyCount "76"]

1.e4 e5 2.Bc4 Nc6 3.Nc3 Nf6 4.d3 Bc5 5.a3 d6 6.Be3 Bb6 7.Nge2 Be6 8.Nd5 
Bxd5 9.exd5 Ne7 10.Nc3 Bxe3 11.fxe3 O-O 12.Qf3 Qd7 13.O-O-O a6 14.d4 Ng6 
15.h3 Rae8 16.g4 e4 17.Qg3 h6 18.g5 hxg5 19.Qxg5 Nh7 20.Qg3 Qf5 21.h4 Qh5 
22.Rdg1 Qh6 23.Rh2 Nh8 24.Rhg2 g6 25.Ne2 f5 26.Nf4 Rf6 27.h5 g5 28.Ne6 g4 
29.Bb3 Re7 30.Rf1 Ng5 31.Nf4 Rh7 32.c4 Nf3 33.Bd1 Rg7 34.Ne6 Qxe3+ 35.Kb1 
Nd2+ 36.Ka2 Qxg3 37.Rxg3 Nxf1 38.Rg1 Nd2 0-1

[Event "zonal 3.4 (w)"]
[Site "Tashkent UZB"]
[Date "2009.06.23"]
[Round "9"]
[White "Khamrakulova, Yulduz"]
[Black "Nakhbaeva, Guliskhan"]
[Result "0-1"]
[WhiteElo "2191"]
[BlackElo "2172"]
[EventDate "2009.06.17"]
[PlyCount "132"]

1.d4 Nf6 2.c4 e6 3.Nf3 b6 4.g3 Bb7 5.Bg2 Bb4+ 6.Nbd2 O-O 7.O-O d5 8.Ne5 
Bd6 9.b3 c5 10.Bb2 Nc6 11.Nxc6 Bxc6 12.cxd5 exd5 13.Nc4 Be7 14.Ne5 Bb7 15.
Rc1 Rc8 16.Qd3 Rc7 17.dxc5 bxc5 18.Bc3 Bd6 19.Nf3 Qe7 20.Nh4 Be5 21.Nf5 
Qe6 22.Bh3 Kh8 23.Bxe5 Qxe5 24.Ne3 d4 25.Nc4 Qd5 26.f3 Re8 27.Rfe1 Rce7 
28.Rc2 g6 29.Bg2 Kg7 30.Na5 c4 31.Nxc4 h5 32.Rd2 Rd8 33.Red1 Qc5 34.Kh1 h4
35.g4 Qc7 36.h3 Qg3 37.Rg1 Nh7 38.Bf1 Qf4 39.g5 Bc8 40.Rd1 Nxg5 41.Qd2 
Qxd2 42.Rxd2 f6 43.Bg2 Ne6 44.Rgd1 Rde8 45.Bf1 Ba6 46.Na3 Nf4 47.Nc4 Nxe2 
48.Bxe2 Rxe2 49.Rxe2 Rxe2 50.Rxd4 g5 51.a4 Bc8 52.Rd2 Rxd2 53.Nxd2 Bxh3 
54.b4 Bd7 55.b5 f5 56.Nc4 Kf6 57.Kg2 Ke6 58.f4 g4 59.b6 Bc6+ 60.Kh2 Kd5 
61.Ne3+ Ke4 62.Nc4 axb6 63.Nxb6 Kxf4 64.a5 g3+ 65.Kh3 g2 66.Kh2 h3 0-1

[Event "zonal 3.4 (w)"]
[Site "Tashkent UZB"]
[Date "2009.06.23"]
[Round "9"]
[White "Turebaeva, Alfiya"]
[Black "Sergeeva, Maria"]
[Result "1-0"]
[WhiteElo "2202"]
[BlackElo "2377"]
[EventDate "2009.06.17"]
[PlyCount "69"]

1.Nf3 Nf6 2.c4 g6 3.g3 Bg7 4.Bg2 d6 5.Nc3 O-O 6.O-O Nbd7 7.d3 c6 8.h3 Nh5 
9.e4 Ne5 10.g4 Nf6 11.Bf4 h5 12.g5 Nfd7 13.Be3 f5 14.gxf6 exf6 15.Nd4 Nc5 
16.b4 Ncxd3 17.f4 Nb2 18.Qb3 Nexc4 19.Bc1 d5 20.exd5 Qb6 21.Ne2 f5 22.Bxb2
Nd2 23.Qc3 Nxf1 24.Kxf1 cxd5 25.Bxd5+ Kh7 26.Qb3 Bd7 27.Rc1 Rae8 28.a4 Qd6
29.b5 Rxe2 30.Kxe2 Qxf4 31.Nf3 Re8+ 32.Kf2 Bf8 33.Qc3 Bh6 34.Re1 h4 35.
Re7+ 1-0

[Event "zonal 3.4 (w)"]
[Site "Tashkent UZB"]
[Date "2009.06.24"]
[Round "10"]
[White "Davletbaeva, Madina"]
[Black "Khamrakulova, Yulduz"]
[Result "0-1"]
[WhiteElo "2133"]
[BlackElo "2191"]
[EventDate "2009.06.17"]
[PlyCount "80"]

1.e4 e5 2.Nf3 Nf6 3.Nxe5 d6 4.Nf3 Nxe4 5.Nc3 Nxc3 6.dxc3 Be7 7.Bf4 Nd7 8.
Qd2 Nc5 9.O-O-O O-O 10.h4 Re8 11.Bd3 Nxd3+ 12.Qxd3 Qd7 13.Nd4 a6 14.Kb1 
Qg4 15.g3 Qg6 16.Qd2 h5 17.f3 c5 18.Nb3 Be6 19.g4 Rad8 20.Bg5 f6 21.Bf4 
hxg4 22.h5 Qf7 23.Rdg1 f5 24.c4 b6 25.Nc1 d5 26.cxd5 Bxd5 27.Qf2 Bxf3 28.
Rh2 Bf6 29.Qg3 Rd4 30.Nd3 Qd7 31.a3 c4 32.Ne5 Rd1+ 33.Rxd1 Qxd1+ 34.Ka2 c3
35.b3 Qd5 36.Nc4 b5 37.Ne3 Qe4 38.h6 g5 39.Bxg5 Bxg5 40.Qc7 Qe5 0-1

[Event "zonal 3.4 (w)"]
[Site "Tashkent UZB"]
[Date "2009.06.24"]
[Round "10"]
[White "Sergeeva, Maria"]
[Black "Antonova, Nadezhda"]
[Result "1-0"]
[WhiteElo "2377"]
[BlackElo "1831"]
[EventDate "2009.06.17"]
[PlyCount "85"]

1.e4 c5 2.Nf3 e6 3.d4 cxd4 4.Nxd4 Nf6 5.Nc3 d6 6.Be2 Be7 7.O-O O-O 8.Be3 
Nc6 9.f4 Nxd4 10.Qxd4 a6 11.Bf3 Qc7 12.Rad1 Bd7 13.e5 Ne8 14.exd6 Nxd6 15.
Ne4 Bc6 16.Qe5 Ne8 17.c4 Rc8 18.Qxc7 Rxc7 19.Bb6 Rc8 20.b3 Nf6 21.Nd6 Rb8 
22.a4 g6 23.a5 Bd8 24.Ba7 Ra8 25.Bd4 Rb8 26.b4 Bxf3 27.Rxf3 b6 28.axb6 
Bxb6 29.c5 Bd8 30.Bxf6 Bxf6 31.Rb3 Bd8 32.Ra1 Bf6 33.Ra5 Bd4+ 34.Kf1 Ra8 
35.Rba3 f6 36.Ke2 e5 37.f5 Rfb8 38.R5a4 Kg7 39.Kd3 a5 40.Kc4 Bg1 41.Rxa5 
Rxa5 42.Rxa5 gxf5 43.c6 1-0

[Event "zonal 3.4 (w)"]
[Site "Tashkent UZB"]
[Date "2009.06.24"]
[Round "10"]
[White "Tokhiryanova, Khulkar"]
[Black "Dauletova, Gulmira"]
[Result "1-0"]
[WhiteElo "2137"]
[BlackElo "2232"]
[EventDate "2009.06.17"]
[PlyCount "73"]

1.e4 c5 2.Nf3 g6 3.c4 Bg7 4.d4 cxd4 5.Nxd4 Nc6 6.Be3 Qb6 7.Nb3 Qb4+ 8.Bd2 
Qd6 9.Nc3 b6 10.Be2 Bb7 11.O-O Rc8 12.Rc1 h5 13.f4 Nh6 14.Nb5 Qe6 15.Bc3 
f6 16.Qd3 a6 17.f5 Qf7 18.Rcd1 d6 19.fxg6 Qe6 20.N5d4 Nxd4 21.Nxd4 Qxe4 
22.Qh3 Ng4 23.Bf3 Qe3+ 24.Kh1 Bxf3 25.Rxf3 Qg5 26.Nf5 Kf8 27.Re1 Re8 28.
Nh4 Qc5 29.Qg3 Qxc4 30.h3 Ne5 31.Bxe5 dxe5 32.Qxe5 Qxa2 33.Qd4 b5 34.Nf5 
Qc4 35.Qd7 Qb4 36.Re6 Bh6 37.Rxf6+ 1-0

[Event "zonal 3.4 (w)"]
[Site "Tashkent UZB"]
[Date "2009.06.25"]
[Round "11"]
[White "Muminova, Nafisa"]
[Black "Nakhbaeva, Guliskhan"]
[Result "1-0"]
[WhiteElo "2212"]
[BlackElo "2172"]
[EventDate "2009.06.17"]
[PlyCount "33"]

1.e4 c5 2.Nf3 e6 3.d4 cxd4 4.Nxd4 Nc6 5.Nb3 Nf6 6.Bd3 d5 7.exd5 Nxd5 8.a3 
Be7 9.O-O O-O 10.c4 Nf6 11.Nc3 b6 12.Qe2 Bb7 13.Rd1 Qb8 14.Ne4 Qc7 15.Bg5 
Kh8 16.Nxf6 gxf6 17.Bxf6+ 1-0

[Event "zonal 3.4 (w)"]
[Site "Tashkent UZB"]
[Date "2009.06.25"]
[Round "11"]
[White "Nodiryanova, Nodira"]
[Black "Davletbaeva, Madina"]
[Result "1/2-1/2"]
[WhiteElo "2130"]
[BlackElo "2133"]
[EventDate "2009.06.17"]
[PlyCount "77"]

1.d4 Nf6 2.Nf3 e6 3.Bg5 h6 4.Bh4 b6 5.Nbd2 Bb7 6.c3 Be7 7.e3 d6 8.h3 Nbd7 
9.Bd3 O-O 10.O-O Re8 11.e4 e5 12.Bxf6 Bxf6 13.d5 a6 14.b4 Nf8 15.Re1 Bc8 
16.c4 Ng6 17.Bf1 Nf4 18.Nh2 g5 19.Ng4 Bg7 20.g3 Ng6 21.Ne3 Bd7 22.Kh2 a5 
23.a3 axb4 24.axb4 Rxa1 25.Qxa1 Qf6 26.Kg1 Rc8 27.Qa7 h5 28.c5 bxc5 29.
bxc5 Qd8 30.cxd6 cxd6 31.Qa6 Bf8 32.Ndc4 Rb8 33.Rc1 h4 34.g4 Bb5 35.Qa3 
Nf4 36.Nf5 Bxc4 37.Bxc4 Rc8 38.Bf1 Rxc1 39.Qxc1 1/2-1/2

[Event "zonal 3.4 (w)"]
[Site "Tashkent UZB"]
[Date "2009.06.25"]
[Round "11"]
[White "Turebaeva, Alfiya"]
[Black "Tokhiryanova, Khulkar"]
[Result "0-1"]
[WhiteElo "2202"]
[BlackElo "2137"]
[EventDate "2009.06.17"]
[PlyCount "64"]

1.e4 c5 2.g3 Nc6 3.Bg2 e6 4.Ne2 d5 5.exd5 exd5 6.d4 Be6 7.O-O Nf6 8.Nbc3 
Be7 9.dxc5 O-O 10.a3 Bxc5 11.Bg5 h6 12.Bxf6 Qxf6 13.b4 Bd4 14.Nxd4 Nxd4 
15.Nxd5 Bxd5 16.Bxd5 Rad8 17.c4 b5 18.Qd3 bxc4 19.Qxc4 Rc8 20.Qd3 Rfd8 21.
Bb7 Rc7 22.Qa6 Rd6 23.Qxa7 Qe7 24.Rfe1 Ne6 25.b5 Rxb7 26.Qa5 Qd7 27.a4 Rd2
28.Re3 Qd5 29.Qc3 Ng5 30.Qc8+ Kh7 31.h4 Nf3+ 32.Kf1 Nxh4 0-1